|
|
|
|
| LEADER |
00000cam a2200000 i 4500 |
| 001 |
1/72281 |
| 008 |
961118s1979 gre d |
| 035 |
|
|
|a 1996
|b 3
|c Δωρεά
|l 10031196
|
| 040 |
|
|
|a GR-MY-UA
|b gre
|e aacr
|
| 041 |
0 |
|
|a gre
|
| 082 |
0 |
|
|a 372.4
|2 (22)
|
| 100 |
1 |
|
|a Ράπτης, Νικόλαος Σ.,
|d 1927-
|
| 245 |
1 |
0 |
|a Μορφο-μεθοδολογικά στοιχεία για το μάθημα της αναγνώσεως :
|b ειδική διδακτική /
|c Νικολάου Ράπτη
|
| 260 |
|
|
|a Αθήνα :
|b [Χ.ό.],
|c 1979
|
| 300 |
|
|
|a 105 σ.;
|c 22 εκ.
|
| 650 |
0 |
0 |
|a Education, Elementary
|x Methodology.
|
| 650 |
0 |
0 |
|a Reading (Elementary)
|
| 852 |
|
|
|a INST
|b RHODES
|e 19961118
|h 372.4 ΡΑΠ
|p 005400006964
|q 005400006964
|t BK
|y 0
|
| 852 |
|
|
|a INST
|b RHODES
|c AKA
|e 20080827
|h 372.4 ΡΑΠ
|p 005400027611
|q 005400027611
|t BK
|y 0
|
| 909 |
|
|
|a Ρ
|b 042947
|c 1996
|
| 909 |
|
|
|a Ρ
|b 150935
|
| 970 |
|
|
|z 2000/08/ΔΕΜΕΝΑΓΑΣ ΠΕΤΡΟΣ
|